| 000 | 00751 a2200217 4500 | ||
|---|---|---|---|
| 005 | 2008090501351.0 | ||
| 008 | 080905t xxu||||| |||| 00| d eng d | ||
| 010 | _aENG-87582 | ||
| 020 |
_a8181573285 _c500.00 |
||
| 035 | _aEN-71115 | ||
| 037 | _bDBAD / PUB | ||
| 082 | _a882 | ||
| 100 | _aSidhu, C.D. | ||
| 245 |
_aShakespeare's daughter and other plays _cby C.D. Sidhu |
||
| 260 |
_aCalcutta _bWriters Workshop _c2005 |
||
| 270 |
_a162/92, Lake Gardens, _bCalcutta _e700 045 |
||
| 300 |
_a424p. _c22 cm (Hb) |
||
| 490 | _aWriters workshop bluebird book | ||
| 942 |
_adpl _cEN _k882 / SID _2ddc _h882 _mSID |
||
| 999 |
_c6689 _d6689 |
||